000 01342naa a22003377a 4500
001 BR8205360
003 BR-BrBNA
005 20240918175159.0
007 ta
008 230509b bl.||||| |||| 00| 0 por d
040 _aBR-BrBNA
_bpor
_cBiblioteca Nacional de Agricultura
041 _a(Pt)
072 _aH60
_b0336
_b3876
090 _aH60 BR8205360
100 1 _aRuedell, J.
100 1 _aSilva, M.T.B. da
111 1 _a10. Reuniao de Pesquisa de Soja da Regiao Sul
_cPorto Alegre, RS (Brazil)
_d27-29 Jul 1982
245 1 _aControle quimico de plantas daninhas em soja (Glycine max (L.)Merrill)com herbicidas aplicados em pre e pos - semeadura no sistema de plantio direto
260 3 _aCruz Alta, RS (Brasil):
_c1982.
500 _aContribuicao do Centro de Experimentacao e Pesquisa a 10. Reuniao de Pesquisa de Soja da Regiao Sul Cruz Alta, RS (Brasil): 1982. p. 157-164 (BR8205360-AM)H60
650 _aSOJA
650 _aERVA DANINHA
650 _aHERBICIDA
650 _aPLANTIO DIRETO
650 _aPULVERIZACAO
650 _aCONTROLE QUIMICO
650 _aFITOTOXICIDADE
773 0 _tContribuicao do Centro de Experimentacao e Pesquisa a 10. Reuniao de Pesquisa de Soja da Regiao Sul
_wH60 BR8205360
_gCruz Alta, RS (Brasil), 1982. p. 157-164
909 _a202404
_bLucia
_c55
_dLucia Elande
942 _cAM
_2AGRIS
999 _c315432
_d315432